Normal view
MARC view
Entry Personal Name
001 - CONTROL NUMBER
- control field: 262874
003 - CONTROL NUMBER IDENTIFIER
- control field: OSt
005 - DATE AND TIME OF LATEST TRANSACTION
- control field: 20260427141458.0
008 - FIXED-LENGTH DATA ELEMENTS
- fixed length control field: 260427|| aca||aabn | a|a d
040 ## - CATALOGING SOURCE
- Original cataloging agency: OSt
- Transcribing agency: OSt
100 ## - HEADING--PERSONAL NAME
- Personal name: NAGESH (H V).
- Dates associated with a name: ನಾಗೇಶ್ (ಎಚ್ ವಿ)
670 ## - SOURCE DATA FOUND
- Source citation: Work cat.: (OSt)92061: NAGESH (H V). ನಾಗೇಶ್ (ಎಚ್ ವಿ), Gramanthara, 1988